| 000 | 00599nam a22001937a 4500 | ||
|---|---|---|---|
| 003 | OSt | ||
| 005 | 20160907102603.0 | ||
| 008 | 160107b xxu||||| |||| 00| 0 eng d | ||
| 020 | _a0030351987 | ||
| 040 | _cLIC | ||
| 082 |
_2[2004] _aDK12 507 _bM426 |
||
| 245 | _aMath skills for science/ | ||
| 260 |
_aOrlando, Florida: _bHolt, Rinehart and Winston, _c[c2004] |
||
| 300 |
_avi, 127 pages: _billustrations; _c27 cm. |
||
| 440 |
_91445 _aHolt Science and Technology. |
||
| 650 | 0 |
_91446 _aScience _xStudy and teaching (Secondary) |
|
| 650 | 0 |
_91447 _aMath _xStudy and teaching (Secondary) |
|
| 942 |
_2ddc _cDC |
||
| 999 |
_c551 _d551 |
||